Frozen shrimp processing technology of sun wah fisheries co.ltd (Record no. 3857)

000 -LEADER
fixed length control field 00423nam a22001577a 4500
003 - CONTROL NUMBER IDENTIFIER
control field OSt
005 - DATE AND TIME OF LATEST TRANSACTION
control field 20151202143551.0
008 - FIXED-LENGTH DATA ELEMENTS--GENERAL INFORMATION
fixed length control field 151202b xxu||||| |||| 00| 0 eng d
040 ## - CATALOGING SOURCE
Transcribing agency RUA
082 ## - DEWEY DECIMAL CLASSIFICATION NUMBER
Classification number FIS NAT 2002 B174 Or.1
100 ## - MAIN ENTRY--PERSONAL NAME
9 (RLIN) 4144
Personal name NATH, SORITH.
245 ## - TITLE STATEMENT
Title Frozen shrimp processing technology of sun wah fisheries co.ltd
260 ## - PUBLICATION, DISTRIBUTION, ETC. (IMPRINT)
Place of publication, distribution, etc. Phnom Penh
Name of publisher, distributor, etc. RUA
Date of publication, distribution, etc. 2002
300 ## - PHYSICAL DESCRIPTION
Extent 51p.
Other physical details ill.
Dimensions 29cm.
942 ## - ADDED ENTRY ELEMENTS (KOHA)
Source of classification or shelving scheme
Koha item type FIS
Holdings
Price effective from Date last seen Permanent Location Not for loan Date acquired Source of classification or shelving scheme Koha item type Barcode Lost status Damaged status Shelving location Withdrawn status Current Location Full call number
2015-12-022015-12-02Library Block B 2015-12-02 FISRUA028579  B174 Library Block BFIS NAT 2002 B174 Or.1
2015-12-022015-12-02Library Block B 2015-12-02 FISRUA028549  B174 Library Block BFIS NAT 2002 B174 Or.2
2015-12-022015-12-02Library Block B 2015-12-02 FISRUA028870  B174 Library Block BFIS NAT 2002 B174 Or.3
2015-12-022015-12-02Library Block B 2015-12-02 FISRUA010160  B174 Library Block BFIS NAT 2002 B174 Or.4
មជ្ឈមណ្ឌលឯការនៃសាកលវិទ្យាល័យភូមិន្ទកសិកម្មចំការដូង

Powered by Koha